Programa de dinamització de l'handbol femení : estudi preliminar / [autor de l'estudi: Joan Montes Ausín] estudi preliminar / [autor de l'estudi:
Publicado:
Barcelona :
Diputació de Barcelona. Servei d'Esports : Federació Catalana d'Handbol ,
1995
Descripción Física:
27 p. : gràfics, taules ; 21 cm
Materias:
Handbol -- Catalunya
MARC
| LEADER | 00000nam a2200000Ia 4500 | ||
|---|---|---|---|
| 001 | 18860 | ||
| 008 | 160829s1995 xx 000 0 cat d | ||
| 080 | |a FU-1-1 | ||
| 100 | |a Montes Ausín, Joan |9 44091 | ||
| 245 | |a Programa de dinamització de l'handbol femení : |b estudi preliminar / [autor de l'estudi: |b Joan Montes Ausín] | ||
| 260 | |a Barcelona : |b Diputació de Barcelona. Servei d'Esports : |b Federació Catalana d'Handbol, |c 1995 | ||
| 300 | |a 27 p. : |b gràfics, taules ; |c 21 cm | ||
| 590 | |a Bibliografia | ||
| 650 | |a Handbol |x Catalunya |9 44092 | ||
| 710 | 1 | |a Barcelona (Catalunya : Província). |b Servei d'Esports |9 53772 | |
| 710 | 2 | |a Federació Catalana d'Handbol |9 56370 | |
| 901 | |a Arxiu | ||
| 942 | |n 1 | ||
| 952 | |0 0 |1 0 |4 0 |6 FU11 |7 1 |9 51791 |a Arxiu |b Arxiu |d 2016-12-01 |l 0 |o FU-1-1 |p 18860 |r 2016-12-01 00:00:00 |w 2016-12-01 |y ARXIU | ||
| 999 | |c 55637 |d 55637 | ||